• 首页
  • 本馆介绍
  • 公告通知
  • 最新文献
  • 馆藏检索
  • 电子资源
  • 读者导购
  • 参考咨询
  • 我的图书馆
  • 登录
  • 详细信息显示
  • 放入我的书架
  • 预约/预借图书
  • 作者相关作品
  • 分类相关作品
  • 丛书相关作品
  • 出版社相关作品

书目信息

  • 表格格式
  • 工作单格式
  • 卡片格式
题名:
书装设计
    
 
作者: 何其庆 编著
分册:  
出版信息: 重庆   西南师范大学出版社  1997
页数: 128页
开本: 26cm
丛书名: 二十一世纪设计家丛书
单 册:
中图分类: TS881
科图分类:
主题词: 书籍装帧--设计--图集
电子资源:
ISBN: 7-5621-1557-5
000 00635nam2 2200217 45
001 0198013388
005 20040203221942.1
010    @a7-5621-1557-5@dCNY56.00
100    @a19980304d1997 em y0chiy0121 ea
101 0  @achi
105    @aa z 000yy
200 10 @a书装设计@Ashu zhuang she ji@f何其庆编著
210    @a重庆@c西南师范大学出版社@d1997
215    @a128页@d26cm
225 2  @a二十一世纪设计家丛书@dArt design series@zeng
410  0 @120010@a二十一世纪设计家丛书
606    @a书籍装帧@x设计@x图集
690    @aTS881@v4
701  0 @a何其庆@Ahe qi qing@4编著
801  0 @aCN@bNLC@c19980323
905    @b333696-697@dTS881@e32@f2
    
    书装设计/何其庆编著.-重庆:西南师范大学出版社,1997
    128页;26cm.-(二十一世纪设计家丛书=Art design series)
    
    
    ISBN 7-5621-1557-5:CNY56.00
    
●
相关链接 在E读中查询图书 在五车中查询图书 在当当中查询图书 在豆瓣中查询图书


正题名:书装设计     索取号:TS881/32         预约/预借

序号 登录号 条形码 馆藏地/架位号 状态 备注
1 0333696   203336960   第三借阅区/ [索取号:TS881/32] 在馆    
2 0333697   203336979   第二样本阅览室/ [索取号:TS881/32] 在馆    
唐山师范学院图书馆 欢迎您!
大连网信软件有限公司© 版权所有